| 000 | 01398nam a2200433 i 4500 | ||
|---|---|---|---|
| 001 | 2455 | ||
| 003 | KOSZ 005 | ||
| 005 | 20200630132816.0 | ||
| 008 | 981118s1985 pl f |000 0 pol | ||
| 015 | _aPB 1985/9762 | ||
| 020 | _a8301058668 | ||
| 035 | _a991008389219705066 | ||
| 035 | _a(PL-WaBN)b12165724-48omnis_nlop | ||
| 035 | _ab12165724 | ||
| 035 | _a(OCoLC)749708109 | ||
| 035 | _a(PL)b0000001216572 | ||
| 035 | _a(EXLNZ-48OMNIS_NETWORK)9910379653605606 | ||
| 040 |
_aWA N _cWA N _dKOSZ 005/EC |
||
| 041 | 1 |
_apol _heng |
|
| 046 | _k1985 | ||
| 080 | _a06.001 | ||
| 100 | 1 |
_aArrow, Kenneth Joseph _d(1921-2017) _eAutor |
|
| 245 | 1 | 0 |
_aGranice organizacji / _cKenneth J. Arrow ; tł. [z ang.] Andrzej Erlich. |
| 246 | 1 |
_iTyt. oryg.: _aLimits of organization |
|
| 260 |
_aWarszawa : _bPaństwowe Wydawnictwo Naukowe, _c1985. |
||
| 300 |
_a80, [3] s. ; _c20 cm. |
||
| 380 | _aKsiążki | ||
| 388 | _a1901-2000 | ||
| 388 | _a1945-1989 | ||
| 500 | _aTyt. oryg.: "The limits of organization" 1974. | ||
| 650 | 4 | _aTeoria | |
| 658 | 4 | _aZarządzanie i marketing | |
| 650 | 4 | _aOrganizacje | |
| 700 | 1 |
_aEhrlich, Andrzej _eTłumaczenie |
|
| 710 | 2 |
_aPaństwowe Wydawnictwo Naukowe _4pbl. |
|
| 856 |
_uhttp://koha.tu.koszalin.pl/cgi-bin/koha/opac-detail.pl?biblionumber=2455 _yKatalog online BPK |
||
| 942 |
_2UKD _cKS |
||
| 999 |
_c2455 _d2455 |
||